General Knowledge Pictures - Beginning 'Q' - Statistics

General Stats
  • This quiz has been taken 156 times
  • The average score is 14 of 28
Answer Stats
Picture Answer % Correct
Queen
99%
Question mark
88%
Quartz
84%
Quiche
82%
Quarter
80%
Quail
75%
Quartet
75%
Quill
75%
Quilt
70%
Qatar
65%
Quiver
62%
Queue
59%
Quasimodo
56%
Quarry
55%
Quiz
52%
Quince
46%
Quicksilver
45%
Quebec
39%
Quaver
35%
Quay
34%
Don Quixote
31%
Quote
28%
Quoits
25%
Quito
20%
Quaker
16%
Quadrangle
11%
Quinine bark
5%
Quinquereme
1%
No matching quizzes found
Score Distribution
Percent of People with Each Score
Percentile by Number Answered
Your Score History
You have not taken this quiz